000 00750nam a22002297a 4500
005 20170124105931.0
010 _aB-158871
020 _c395.00
_a9788176488433
035 _aB-158871
037 _bCen Lib/Ret
040 _aDPL
_bEN
082 _a327.540947
_bNIR
100 _aNirula
_98197
245 _aIndia and the soviet union :
_cby Nirula
_b1917 to 1947 /
260 _aNew Delhi
_bA.P.H. Publishing Corporation
_c2005
270 _a5, ansari road dariya ganj
_bNew Delhi
_e110002
300 _aix, 154p.
_c21cm(Hb)
500 _aIncludes bibliographical references and index
650 _aForeign policies
_zIndia-Soviet Union
_98198
650 _aIndian history
_98199
942 _2ddc
_cEN
_h327.540947
_mNIR
999 _c123835
_d123835